Diren Suriye (Record no. 3100)

MARC details
000 -BAŞLIK
Sabit Uzunlukta Kontrol Alanı 00985na a2200301 4500
001 - KONTROL NUMARASI
Denetim Alanı 23440
003 - KONTROL NUMARASI IDENTIFIER
Denetim Alanı MIRAKIL
005 - SON İŞLEM TARİHİ VE ZAMANI
Denetim Alanı 20181213154920.0
008 - SABİT-BOY VERİ ELEMANLARI - GENEL BİLGİLER
Sabit Uzunlukta Kontrol Alanı 170928b tu 000 0
020 ## - ULUSLARARASI STANDART KİTAP NUMARASI
Uluslararası Standart Kitap Numarası 9786054994090
040 ## - KATALOGLAMA KAYNAK
Orijinal Kataloglama Ajansı Milas
Kataloglama Dili tur
Metne Dönüştürmek Ajansı TR-AnCHP
041 ## - DİL KODU
Metin / Ses Parça Veya Ayrı Başlığın Dil Kodu tur
082 ## - DEWEY ONLU SINIFLANDIRMA NUMARASI
Sınıflandırma Numarası 320.95691
Ürün Numarası M23d 2014
090 ## - SINIFLAMA NUMARASI
Sınıflama Numarası 320.95691 M23d 2014
100 ## - ANA GİRİŞ - KİŞİSEL İSİM
Kişisel Ad Mahalli, Hüsnü
245 ## - BAŞLIK TABLOSU
Başlık Diren Suriye
Başlığın Kalan Siyasal İslam projesi çöktü... Biz kazandık!
Sorumluluk Tablosu, Vb Hüsnü Mahalli
246 ## - UNVAN FORM VARYING
Başlık Doğru / Kısa Başlığı Siyasal İslam projesi çöktü... Biz kazandık!
260 ## - YAYIN, DAĞITIM, VB
Yayın, Dağıtım, Vb Yeri İstanbul
Yayıncı, Dağıtıcı, Vs Adı Destek Yayınları
Yayın, Dağıtım, Vb Tarihi 2014
Üretici Firma Pasifik ofset
300 ## - FİZİKSEL TANIM
Kapsam 351 s.
Diğer Fiziksel Ayrıntıları tbl.
Boyutlar 21 sm.
440 ## - SERİSİ TABLOSU / KATMA GİRİŞİ - BAŞLIK
Başlık Destek yayınları
Hacim / Ardışık Tanımı 412
490 ## - SERİSİ TABLOSU
Seri Beyanı Araştırma
Hacim / Ardışık Tanımı 123
650 ## - KONU KATMA GİRİŞ - TOPİKAL DÖNEM
Topikal Süreli Veya Coğrafi Ad Giriş Elemanı Türkiye
Genel Alt Bölümü Dış ilişkiler
Kronolojik Alt Bölümü Ortadoğu Ülkeleri
650 ## - KONU KATMA GİRİŞ - TOPİKAL DÖNEM
Topikal Süreli Veya Coğrafi Ad Giriş Elemanı Suriye Savaşı
650 ## - KONU KATMA GİRİŞ - TOPİKAL DÖNEM
Topikal Süreli Veya Coğrafi Ad Giriş Elemanı Ortadoğu
Genel Alt Bölümü Siyaset ve yönetim
650 ## - KONU KATMA GİRİŞ - TOPİKAL DÖNEM
Topikal Süreli Veya Coğrafi Ad Giriş Elemanı Suriye
Genel Alt Bölümü Siyaset ve yönetim
740 ## - KATMA GİRİŞ - KONTROLSUZ İLGİLİ / ANALİTİK BAŞLIK
Kontrol Edilmeyen / İlgili Analitik Başlıktaki Siyasal İslam projesi çöktü... Biz kazandık!
942 ## - EKLENDİ GİRİŞ ELEMANLARI (KOHA)
Sınıflandırma Veya Raf Düzeni Kaynak Dewey Decimal Classification
Koha Öğesi Türü Books
999 ## - SİSTEM KONTROL NUMARALARI (KOHA)
Koha Biblionumber 3100
Koha Biblioitemnumber 3100
Holdings
Kalıcı Konum Mevcut Konum Edinme Tarihi Edinim Kaynak Toplam Check-Out'Lar Tam Çağrı Numarası Barkod Tarih Son Görülme İtibaren Geçerli Fiyatlar Koha Öğesi Türü
CHP Kütüphanesi CHP Kütüphanesi 09/28/2017 Bağış   320.95691 M23d 2014 017424 09/28/2017 09/28/2017 Books